00853 2200301 4500001002100000005001500021035002000036007000300056008004100059020002200100040002200122082001400144084001600158090002000174090002200194100003700216245004900253250003400302300002900336650002000365850001200385264003600397336002100433337003000454338002300484999002200507990002200529INLIS00000000085949220210504101520 a0010-0521000073ta210316t2019 yoi g ind d a978-623-02-0219-3 aYOPDYOGbinderda04223a809.8 a809.8 ASG i aDEP 809.8 ASG i aCB-D.11 2019-39450 aAsgar Ma-Iphank,d1995-epenulis10aIdiot dari timur /cpenulis, Asgar Ma-Iphank aCetakan pertama, Oktober 2019 avi, 287 halaman ;c20 cm 4aKisah kehidupan aYOPDYOG31aYogyakarta :bDeepublish,c2019 2rdacontentateks 2rdamediaatanpa perantara 2rdacarrieravolume aCB-D.11/2019-3945 aCB-D.11/2019-3945